000 nam a22 7a 4500
999 _c8310
_d8310
008 171219b xxu||||| |||| 00| 0 eng d
100 _94728
_aFLYNN.KATIE
245 _aWHEN CHRISTMAS BELLS RING
260 _aLANDON
_bPENGUIN
_c2015